The tin drum

Gardado en:
Detalles Bibliográficos
Autor Principal: Gunter Grass
Formato: Libro
Idioma:Undetermined
Publicado: London Everyman's Library 1993
Những chủ đề:
Các nhãn: Engadir etiqueta
Sen Etiquetas, Sexa o primeiro en etiquetar este rexistro!
Thư viện lưu trữ: Trung tâm Học liệu Trường Đại học Cần Thơ
LEADER 00513nam a2200181Ia 4500
001 CTU_40105
008 210402s9999 xx 000 0 und d
082 |a 833.9 
082 |b G768 
100 |a Gunter Grass 
245 4 |a The tin drum 
245 0 |c Gunter Grass 
260 |a London 
260 |b Everyman's Library 
260 |c 1993 
650 |a german fiction - 20th century ( english ),german literature - 20th century 
904 |i Minh, 001225 
980 |a Trung tâm Học liệu Trường Đại học Cần Thơ